TOP 10 MŚ 2023 w Planicy na skoczni normalnej - Statystyki

Ogólne statystyki
  • Ten quiz został rozwiązany 40 razy
  • Średni wynik to 6 z 10
Statystyki odpowiedzi
Miejsce Skoczek % Poprawnych
1 Piotr Żyła
97%
2 Andreas Wellinger
78%
3 Karl Geiger
72%
4 Stefan Kraft
72%
5 Dawid Kubacki
69%
6 Kamil Stoch
64%
9 Anze Lanisek
33%
10 Timi Zajc
33%
7 Constantin Schmid
31%
8 Jan Hoerl
28%
Nie znaleziono quizów pasujących do podanych kryteriów
Rozkład punktacji
Procent ludzi z każdym wynikiem
Percentyl według liczby udzielonych odpowiedzi
Twoja historia wyników
Nie rozwiązałeś tego quizu